लोड हो रहा है...

Drug and alcohol studies /

ग्रंथसूची विवरण
अन्य लेखक: MacGregor, Susanne, Ed, Thom, Betsy, Ed
स्वरूप: Printed Book
प्रकाशित: London: Sage Publications, Ltd., 2014.
श्रृंखला:Sage library of health and social welfare
विषय:
LEADER 02001cam a22002777i 4500
020 |a 9781446254837 
082 0 4 |a 362.29  |b Q4 
245 0 0 |a Drug and alcohol studies /  |c ed by Susanne MacGregor and Betsy Thom. 
260 |a London:  |b Sage Publications, Ltd.,  |c 2014. 
300 |a 6 v.  |b illustrations, charts ; 
490 1 |a Sage library of health and social welfare 
504 |a Includes bibliographical references. 
505 0 |a Volume 1. Historical and cultural studies -- volume 2. Theoretical perspectives -- volume 3. Methods and measurements -- volume 4. Policy approaches -- volume 5. Interventions -- volume 6. Current trends, continuing issues and new challenges. 
650 0 |a Drug addiction.  |9 27073 
650 0 |a Alcoholism.  |9 15674 
650 0 |a Health and wellbeing.  |9 23745 
700 1 |a MacGregor, Susanne, Ed.  |9 27074 
700 1 |a Thom, Betsy, Ed.  |9 27075 
942 |c BK 
999 |c 64177  |d 64177 
952 |0 0  |1 0  |4 0  |6 362_290000000000000_Q4_1  |7 0  |9 56078  |a MGUL  |b MGUL  |c GEN  |d 2014-12-12  |e Mathrubhumi books Inv No 316 dated 15.11.2014  |g 93527.80  |l 1  |o 362.29 Q4.1  |p 52277  |r 2020-01-14  |s 2020-01-04  |y BK  |z v. 1-Historical and cultural studies. 
952 |0 0  |1 0  |4 0  |6 362_290000000000000_Q4_2  |7 0  |9 68216  |a MGUL  |b MGUL  |c GEN  |d 2016-02-12  |l 1  |o 362.29 Q4.2  |p 52278  |r 2020-01-22  |s 2020-01-14  |y BK  |z v. 2-Theoretical perspectives 
952 |0 0  |1 0  |4 0  |6 362_290000000000000_Q4_3  |7 0  |9 68217  |a MGUL  |b MGUL  |c GEN  |d 2016-02-12  |l 1  |m 1  |o 362.29 Q4.3  |p 52279  |r 2020-03-10  |s 2020-01-22  |y BK  |z v. 3-Methods and measurements 
952 |0 0  |1 0  |4 0  |6 362_290000000000000_Q4_4  |7 0  |9 68218  |a MGUL  |b MGUL  |c GEN  |d 2016-02-12  |l 1  |m 1  |o 362.29 Q4.4  |p 52280  |r 2020-07-08  |s 2020-03-10  |y BK  |z v. 4-Policy approaches 
952 |0 0  |1 0  |4 0  |6 362_290000000000000_Q4_5  |7 0  |9 68219  |a MGUL  |b MGUL  |c GEN  |d 2016-02-12  |l 1  |o 362.29 Q4.5  |p 52281  |r 2020-07-24  |s 2020-07-08  |y BK  |z v. 5-Interventions 
952 |0 0  |1 0  |4 0  |6 362_290000000000000_Q4_6  |7 0  |9 68220  |a MGUL  |b MGUL  |c GEN  |d 2016-02-12  |l 1  |o 362.29 Q4.6  |p 52282  |r 2020-07-24  |s 2020-07-08  |y BK  |z v. 6-Current trends, Continuing issues and new challenges